[Event "AUTO-OPEN-1235"]
[Site "http://www.queenalice.com/game.php?id=451303"]
[Date "2008.8.20"]
[Round "1"]
[White "Feynman"]
[Black "Matrix"]
[Result "1-0"]
[WhiteElo "1841"]
[BlackElo "1733"]

1. e4 e5 2. Nc3 d6 3. f4 Nc6 4. f5 Nf6 5. d3 Be7 6. Bg5 h6 7. Bxf6 Bxf6 8. Nf3
O-O 9. Nd5 Nd4 10. Nxf6+ Qxf6 11. Nxd4 exd4 12. h4 d5 13. Qd2 dxe4 14. dxe4 c5
15. O-O-O a5 16. g4 Bd7 17. g5 hxg5 18. hxg5 Qe5 19. Qg2 f6 20. Bc4+ Rf7 21. g6
Kf8 22. gxf7 Ke7 23. Qxg7 Qf4+ 24. Kb1 Rf8 25. Rh8 Rxh8 26. f8=Q# 1-0

[Event "AUTO-OPEN-1235"]
[Site "http://www.queenalice.com/game.php?id=451304"]
[Date "2008.8.20"]
[Round "1"]
[White "Matrix"]
[Black "Feynman"]
[Result "0-1"]
[WhiteElo "1666"]
[BlackElo "1856"]

1. e4 b6 2. Nc3 Bb7 3. Nf3 e6 4. d4 h6 5. Be3 d5 6. e5 f6 7. Bb5+ Bc6 8. Qd2 Bb4
9. Bxc6+ Nxc6 10. a3 Be7 11. Qd3 f5 12. O-O-O a6 13. h4 b5 14. Nd2 b4 15. Nb3
bxc3 16. Qxc3 Qd7 17. g3 a5 18. Nc5 Bxc5 19. dxc5 Nge7 20. Bd4 Nxd4 21. Rxd4 Nc6
22. Rd2 Rb8 23. f4 Qe7 24. Rg2 Rb5 25. g4 Rxc5 26. Qd3 g6 27. gxf5 gxf5 28. h5
Rc4 29. Rf1 Qh4 30. Rg6 Nd8 31. Rfg1 Qxh5 32. b3 Rxf4 33. Qb5+ c6 34. Rxe6+ Nxe6
35. Qxc6+ Ke7 36. Qd6+ Kf7 37. Qd7+ Kf8 38. Qxe6 Qf7 39. Qd6+ Qe7 40. Rg7 Qxd6
0-1

[Event "AUTO-OPEN-1235"]
[Site "http://www.queenalice.com/game.php?id=451305"]
[Date "2008.8.20"]
[Round "1"]
[White "Feynman"]
[Black "erivaldoadao"]
[Result "1-0"]
[WhiteElo "1834"]
[BlackElo "1616"]

1. d4 d5 2. c4 e6 3. Nc3 Ne7 4. Nf3 g6 5. Bg5 Bg7 6. e3 Qd7 7. Bf4 O-O 8. Bd3 b6
9. O-O c5 10. Re1 Nbc6 11. a3 cxd4 12. exd4 dxc4 13. Bxc4 Na5 14. Ba2 Bb7 15.
Ne5 Bxe5 16. Bxe5 Qc6 17. f3 Nf5 18. Ne4 Qb5 19. Qd2 Bxe4 20. fxe4 Ne7 21. Bf6
Nc4 22. Qh6 1-0

[Event "AUTO-OPEN-1235"]
[Site "http://www.queenalice.com/game.php?id=451306"]
[Date "2008.8.20"]
[Round "1"]
[White "erivaldoadao"]
[Black "Feynman"]
[Result "0-1"]
[WhiteElo "1624"]
[BlackElo "1826"]

1. e4 c5 2. Nf3 d6 3. d4 cxd4 4. Nxd4 Nf6 5. Nc3 a6 6. Bg5 e6 7. Bd3 e5 8. Nf3
h6 9. Bh4 g5 10. Bg3 Nc6 11. O-O Be6 12. a3 Rg8 13. b4 b5 14. Ne2 h5 15. Kh1 h4
16. Bxh4 gxh4 17. Nxh4 Nxe4 18. Bxe4 d5 19. Bf3 e4 20. Bh5 Qxh4 0-1

[Event "AUTO-OPEN-981"]
[Site "http://www.queenalice.com/game.php?id=453554"]
[Date "2008.8.25"]
[Round "2"]
[White "Bernobr"]
[Black "Feynman"]
[Result "0-1"]
[WhiteElo "1876"]
[BlackElo "1874"]

1. e4 e5 2. Nc3 Nf6 3. g3 Bc5 4. Bg2 c6 5. d3 h6 6. Nge2 d6 7. O-O O-O 8. h3 b5
9. Kh2 Qd7 10. f4 exf4 11. Bxf4 Qe6 12. Qd2 Nbd7 13. g4 Ne5 14. d4 Nexg4+ 15.
hxg4 Nxg4+ 16. Kg1 Bb6 17. Ng3 Qf6 18. e5 dxe5 19. Nce4 Qh4 20. Ne2 exf4 21.
Qxf4 Ba6 22. Nf2 Rae8 23. Nxg4 Rxe2 24. c3 b4 0-1

[Event "AUTO-OPEN-981"]
[Site "http://www.queenalice.com/game.php?id=453555"]
[Date "2008.8.25"]
[Round "2"]
[White "Feynman"]
[Black "Bernobr"]
[Result "1-0"]
[WhiteElo "1890"]
[BlackElo "1835"]

1. c4 Nf6 2. Nf3 e6 3. d4 d5 4. e3 c6 5. Nc3 Nbd7 6. Bd3 dxc4 7. Bxc4 b5 8. Bd3
a6 9. e4 c5 10. d5 exd5 11. exd5 b4 12. Ne2 Nxd5 13. Be4 N7f6 14. Bg5 Be6 15.
Bxf6 Nxf6 16. Bxa8 Qxa8 17. O-O Be7 18. Qc2 O-O 19. Ng5 Bd5 20. Nf4 Bc6 21. f3
h6 22. Ngh3 g5 23. Qe2 Bd6 24. Nd3 c4 25. Ne1 Re8 26. Qd2 Bc5+ 27. Kh1 c3 28.
bxc3 bxc3 29. Qxc3 Bb5 30. Nd3 Be7 31. Rfe1 Nd5 32. Qb3 Bc6 33. Rab1 Nf6 34. Qb2
Bxf3 35. Re3 Bxg2+ 36. Qxg2 1-0

[Event "Fast tournament."]
[Site "http://www.queenalice.com/game.php?id=461957"]
[Date "2008.9.12"]
[Round "3"]
[White "Feynman"]
[Black "TcheRenato"]
[Result "0-1"]
[WhiteElo "1831"]
[BlackElo "2360"]

1. e4 e5 2. Nf3 Nc6 3. d4 exd4 4. Nxd4 Nf6 5. Nc3 Bb4 6. Nxc6 bxc6 7. Bd3 O-O 8.
O-O d5 9. exd5 cxd5 10. Bg5 c6 11. Qf3 h6 12. Bxf6 Qxf6 13. Qxf6 gxf6 14. h3 Kh8
15. Ne2 Rg8 16. Nf4 Bd6 17. g3 Bxf4 0-1

[Event "Challenge"]
[Site "http://www.queenalice.com/game.php?id=475160"]
[Date "2008.10.9"]
[Round "-"]
[White "enrikov"]
[Black "Feynman"]
[Result "1-0"]
[WhiteElo "1958"]
[BlackElo "1837"]

1. c4 e5 2. Nc3 Nc6 3. Nf3 Nf6 4. d4 exd4 5. Nxd4 Bc5 6. Nxc6 bxc6 7. e4 O-O 8.
Bd3 Re8 9. O-O d5 10. exd5 cxd5 11. cxd5 Nxd5 12. Nxd5 Qxd5 13. Bxh7+ 1-0

[Event "Challenge"]
[Site "http://www.queenalice.com/game.php?id=499643"]
[Date "2008.11.28"]
[Round "-"]
[White "Feynman"]
[Black "ricardoaw18"]
[Result "1-0"]
[WhiteElo "1939"]
[BlackElo "2104"]

1. e4 c5 2. Nf3 d6 3. d4 cxd4 4. Nxd4 Nf6 5. Nc3 a6 6. Be2 Nbd7 7. O-O b5 8. a3
Bb7 9. Bf3 Qc7 10. Be3 g6 11. Qd2 Bg7 12. Bh6 Bxh6 13. Qxh6 Ne5 14. Qe3 Nc4 15.
Qc1 Rc8 16. Nd5 Nxd5 17. exd5 O-O 18. Re1 Ne5 19. Qe3 Qc5 20. c3 Rfe8 21. Nc2
Bxd5 22. Bxd5 Qxd5 23. Nd4 Nc4 24. Qc1 Qb7 25. b4 e5 26. Nc2 Kg7 27. Ne3 h6 28.
Nxc4 1-0

[Event "P>>>V: O retorno"]
[Site "http://www.queenalice.com/game.php?id=505173"]
[Date "2008.12.9"]
[Round "-"]
[White "fbn"]
[Black "Feynman"]
[Result "0-1"]
[WhiteElo "1839"]
[BlackElo "1910"]

1. e4 Nf6 2. e5 Nd5 3. Nf3 d6 4. c4 Nb6 5. d4 Bg4 6. Nbd2 Nc6 7. h3 Bh5 8. g4
Bg6 9. exd6 exd6 10. Qe2+ Be7 11. Bg2 O-O 12. O-O Bf6 13. Nb3 Re8 14. Be3 d5 15.
c5 Nc4 16. a3 Nxe3 17. fxe3 Bg5 18. Nxg5 Qxg5 19. Rf4 Qxf4 20. exf4 Rxe2 21. f5
Rxb2 0-1

[Event "Challenge"]
[Site "http://www.queenalice.com/game.php?id=537832"]
[Date "2009.2.9"]
[Round "-"]
[White "ricardoaw18"]
[Black "Feynman"]
[Result "1-0"]
[WhiteElo "2268"]
[BlackElo "1930"]

1. d4 Nf6 2. c4 e6 3. Nc3 Bb4 4. Bg5 c5 5. d5 Bxc3+ 6. bxc3 e5 7. d6 h6 8. Bh4
O-O 9. Nf3 Nc6 10. e3 b6 11. Bd3 Bb7 12. Qc2 Re8 13. Be4 Re6 14. O-O-O Qb8 15.
Bxf6 Rxf6 16. g4 Rxd6 17. g5 1-0

[Event "AUTO-OPEN-1235"]
[Site "http://www.queenalice.com/game.php?id=540027"]
[Date "2009.2.14"]
[Round "2"]
[White "Soulpower74"]
[Black "Feynman"]
[Result "1/2-1/2"]
[WhiteElo "2117"]
[BlackElo "1967"]

1. d4 Nf6 2. c4 g6 3. Nc3 d5 4. cxd5 Nxd5 5. e4 Nxc3 6. bxc3 Bg7 7. Bc4 c5 8.
Ne2 O-O 9. e5 Qc7 10. Bb3 cxd4 11. cxd4 Nc6 12. O-O e6 13. Be3 Rd8 14. Qc2 b6
15. Rac1 Bb7 16. h4 Rac8 17. Rfd1 Qd7 18. Qd2 Ne7 19. Ng3 Rxc1 20. Rxc1 h5 21.
Rc3 Rc8 22. Bg5 Rxc3 23. Qxc3 Nd5 24. Qc4 Bf8 25. Ne4 Bc6 26. Qxd5 Qxd5 27. Nf6+
Kg7 28. Nxd5 Bxd5 29. Bxd5 exd5 30. Kf1 Bb4 31. Ke2 b5 32. Kd3 a5 33. f3 a4
1/2-1/2

[Event "AUTO-OPEN-1235"]
[Site "http://www.queenalice.com/game.php?id=540028"]
[Date "2009.2.14"]
[Round "2"]
[White "Feynman"]
[Black "Soulpower74"]
[Result "1/2-1/2"]
[WhiteElo "1904"]
[BlackElo "2059"]

1. e4 c5 2. Nf3 Nc6 3. d4 cxd4 4. Nxd4 Nf6 5. Nc3 a6 6. Bg5 Qa5 7. Bxf6 gxf6 8.
Bc4 Qc5 9. Nxc6 Qxc4 10. Nd4 d6 11. Qd3 Qxd3 12. cxd3 Bd7 13. O-O Rc8 14. f4 e6
15. Rac1 1/2-1/2

[Event "AUTO-OPEN-1235"]
[Site "http://www.queenalice.com/game.php?id=540033"]
[Date "2009.2.14"]
[Round "2"]
[White "Feynman"]
[Black "GMkozakov"]
[Result "0-1"]
[WhiteElo "1960"]
[BlackElo "2395"]

1. e4 d5 2. exd5 Nf6 3. d4 Nxd5 4. c4 Nb6 5. Nc3 e5 6. d5 Bb4 7. a3 Bxc3+ 8.
bxc3 Bf5 9. Nf3 O-O 10. Be2 N8d7 11. O-O Re8 12. Re1 Nc5 13. Be3 Nba4 14. Bxc5
Nxc5 15. Nd2 Qg5 16. Nb3 Na4 17. Qc1 Qg6 18. Ra2 Rad8 19. Rd2 Be4 20. Bf1 f5 21.
Kh1 Rd6 22. f3 Rb6 23. Na5 Rb1 24. fxe4 Rxc1 25. Rxc1 Qb6 26. Nxb7 fxe4 27. Re2
Qxb7 28. Rxe4 Nxc3 0-1

[Event "AUTO-OPEN-1235"]
[Site "http://www.queenalice.com/game.php?id=540034"]
[Date "2009.2.14"]
[Round "2"]
[White "GMkozakov"]
[Black "Feynman"]
[Result "1-0"]
[WhiteElo "2404"]
[BlackElo "1946"]

1. d4 d5 2. e3 Nf6 3. Bd3 Nc6 4. c3 g6 5. Nd2 Bg7 6. f4 O-O 7. Ngf3 e6 8. O-O a6
9. Ne5 Nd7 10. Nxd7 Bxd7 11. e4 dxe4 12. Bxe4 f5 13. Bf3 Rb8 14. Nb3 Ne7 15. Nc5
Bc8 16. Re1 Qd6 17. Qb3 Kf7 18. Bxb7 Bxb7 19. Nxb7 Qc6 20. Na5 Rxb3 21. Nxc6 Rb6
22. Nxe7 Kxe7 23. b3 Rd8 24. Ba3+ Kf6 25. Bc5 Rb7 26. Re3 c6 27. Rae1 Re8 28.
Bd6 Kf7 29. Kf2 Rd7 30. Bc5 Bf6 31. Kf3 Bd8 32. h3 h5 33. g4 hxg4+ 34. hxg4 Bc7
35. g5 Bd6 36. Bxd6 Rxd6 37. Rh1 Kg7 38. Ke2 Rh8 39. Rxh8 Kxh8 40. Re5 Rd5 41.
Rxe6 1-0

[Event "AUTO-OPEN-981"]
[Site "http://www.queenalice.com/game.php?id=572560"]
[Date "2009.4.15"]
[Round "3"]
[White "Feynman"]
[Black "HILITO"]
[Result "0-1"]
[WhiteElo "1958"]
[BlackElo "2056"]

1. c4 c6 2. Nc3 Nf6 3. g3 d5 4. cxd5 cxd5 5. Bg2 e6 6. d4 Nbd7 7. Nf3 Be7 8. O-O
O-O 9. Qd3 a6 10. Bf4 b5 11. Rac1 Bb7 12. Rc2 Ne4 13. Rfc1 Rc8 14. Nd1 Rxc2 15.
Rxc2 Bd6 16. Bxd6 Nxd6 17. Ne3 Nc4 18. Nxc4 dxc4 19. Qc3 Nb6 20. b3 h6 21. bxc4
Nxc4 22. Ne5 Bxg2 23. Kxg2 Qd5+ 24. Kg1 Rc8 25. Qd3 Nd6 26. Rxc8+ Nxc8 27. a3
Nd6 28. f3 Nf5 29. e3 f6 30. g4 Nh4 31. e4 Qa2 0-1

[Event "AUTO-OPEN-981"]
[Site "http://www.queenalice.com/game.php?id=572561"]
[Date "2009.4.15"]
[Round "3"]
[White "HILITO"]
[Black "Feynman"]
[Result "1-0"]
[WhiteElo "2053"]
[BlackElo "1973"]

1. e4 e5 2. Nf3 Nc6 3. Bb5 a6 4. Ba4 Nf6 5. O-O Be7 6. d3 b5 7. Bb3 O-O 8. Bg5
d6 9. c3 Bb7 10. Nbd2 Ng4 11. Bxe7 Qxe7 12. Rc1 Na5 13. Bc2 c5 14. a3 Rac8 15.
c4 f5 16. exf5 Rxf5 17. h3 Nh6 18. d4 e4 19. Re1 Rff8 20. Nxe4 Qd8 21. d5 Nxc4
22. Neg5 1-0

[Event "AUTO-OPEN-1076"]
[Site "http://www.queenalice.com/game.php?id=623281"]
[Date "2009.7.23"]
[Round "3"]
[White "Gerd"]
[Black "Feynman"]
[Result "0-1"]
[WhiteElo "1911"]
[BlackElo "1944"]

1. d4 d5 2. e3 Nf6 3. Nc3 e6 4. a3 Be7 5. Bd3 O-O 6. Nf3 Nc6 7. h3 a6 8. b4 Bd6
9. Ne2 e5 10. dxe5 Nxe5 11. Nxe5 Bxe5 12. c3 Qd6 13. Nd4 Ne4 14. Bxe4 dxe4 15.
Bb2 Bd7 16. Qd2 Rad8 17. c4 b6 18. Rd1 Ba4 19. Rc1 c5 20. Nf3 Qxd2+ 21. Nxd2
Bxb2 22. Rb1 Bc3 23. O-O Bxd2 24. bxc5 bxc5 25. Rb6 a5 26. Rfb1 Bc3 27. g4 h6
28. Rc1 Be5 29. Kg2 Rd1 30. Rxd1 Bxd1 31. Rb5 Rd8 32. Rb1 Bf3+ 33. Kf1 Rd1+ 34.
Rxd1 Bxd1 35. Ke1 Bb3 36. Kd2 Bxc4 37. Kc1 g5 38. Kc2 a4 0-1

[Event "AUTO-OPEN-1076"]
[Site "http://www.queenalice.com/game.php?id=623282"]
[Date "2009.7.23"]
[Round "3"]
[White "Feynman"]
[Black "Gerd"]
[Result "1-0"]
[WhiteElo "1959"]
[BlackElo "1889"]

1. e4 Nc6 2. d4 d5 3. exd5 Qxd5 4. Nf3 Bg4 5. Nc3 Qe6+ 6. Be3 Nb4 7. Be2 Bf5 8.
Bd3 Nxd3+ 9. cxd3 Qd6 10. a3 e6 11. O-O Nf6 12. Rc1 Be7 13. Nb5 Qd8 14. Nxc7+
Kf8 15. Nxa8 Qxa8 16. Ne5 Qd8 17. Qc2 Bd6 18. Qc8 Qxc8 19. Rxc8+ Ne8 20. Rfc1
Bxe5 21. dxe5 g6 22. Bc5+ Kg7 23. Be7 Bxd3 24. Bf6+ Nxf6 25. exf6+ Kxf6 26. Rxh8
h5 27. f3 a5 28. Rc7 b5 29. Rh7 a4 30. Rhxf7+ Ke5 31. Rfd7 Bc4 32. Kf2 g5 33.
Rc5+ Bd5 34. Ke3 h4 35. g4 hxg3 36. hxg3 Kf6 37. Rcxd5 exd5 38. Rxd5 1-0